Indian States - Statistics

General Stats
  • This quiz has been taken 37 times
  • The average score is 11 of 36
Answer Stats
States Names % Correct
1 Andhra Pradesh
100%
2 Arunachal Pradesh
89%
3 Assam
72%
4 Bihar
67%
5 Chhattisgarh
67%
6 Goa
44%
7 Gujarat
44%
8 Haryana
39%
9 Himachal Pradesh
33%
10 Jharkhand
33%
11 Karnataka
33%
12 Kerala
33%
1 Andaman and Nicobar Islands
28%
13 Madhya Pradesh
28%
14 Maharashtra
28%
15 Manipur
28%
17 Mizoram
28%
18 Nagaland
28%
19 Odisha/Orissa
28%
28 West Bengal
28%
16 Meghalaya
22%
21 Rajasthan
22%
22 Sikkim
22%
23 Tamil Nadu
22%
24 Telangana
22%
25 Tripura
22%
20 Punjab
17%
27 Uttarakhand
17%
26 Uttar Pradesh
17%
2 Chandigarh
11%
7 Lakshadweep
6%
8 Puducherry / Pondicherry
6%
3 Dadra and Nagar Haveli and Daman and Diu
0%
4 Delhi (National Capital Territory)
0%
5 Jammu and Kashmir
0%
6 Ladakh (Leh)
0%
No matching quizzes found
Score Distribution
Percent of People with Each Score
Percentile by Number Answered
Your Score History
You have not taken this quiz